Strana a jej úloha pri budovaní socializmu osnova na siedmu tému Roku stranníckeho školenia 1949-1950

Bibliographic Details
Format: Book
Language:Slovak
PhysicalDescription:37 strán 22 cm
Published: Bratislava Kultúrno-propagačné oddelenie ÚV KSS Pravda 1950
Series:Materiál na školenie v KSS
Subjects:

MARC

LEADER 00000cam a2200000 a 4500
001 vtls008399323
003 SK-MaSNL
005 20260301140444.0
008 230403s1950 xo ernf 000 0 slo
015 |a SNBA19451955-011650 
020 |q (brožované) 
035 |a SK01SNKBKSFS20010091540 
035 |a urn:nbn:sk:snk-am3hx0r 
035 |a 4B36A37C-2AB5-413B-84F2-CC2633F61065 
035 |a urn:nbn:sk:snk-am00dbzt 
035 |a SKM000094003 
040 |a SNK  |b slo  |c SNK  |e AACR2 
041 0 |a slo 
044 |a xo  |c SK 
080 |a 329  |2 1981 
245 0 0 |a Strana a jej úloha pri budovaní socializmu  |b osnova na siedmu tému Roku stranníckeho školenia 1949-1950 
260 |a Bratislava  |b Kultúrno-propagačné oddelenie ÚV KSS  |b Pravda  |c 1950  |e Bratislava  |f Pravda 
300 |a 37 strán  |c 22 cm 
366 |e 19500 kusov 
490 1 |a Materiál na školenie v KSS  |v 7. sväzok 
504 |a Bibliografia sa strane 35 
650 0 7 |a socializmus  |2 SNKPH  |9 2151 
650 0 7 |a politické strany  |2 SNKPH  |9 3589 
655 7 |a príručky  |2 SNKPH  |9 74364 
655 7 |a štúdie  |2 SNKPH  |9 57033 
830 0 |a Materiál na školenie v KSS  |9 308695 
852 |a Slovenská národná knižnica 
954 |a odborná, vedecká literatúra pôvodná (slovenská)  |2 lita 
958 |a RK 
958 |a TL 
958 |a NB 
958 |a ONDV 
999 |c 763753  |d 765683 
952 |a SNK  |b SNK  |y PREZ  |7 0  |p 17A0764065  |o snkSC 4539  |i snk3324/51  |0 0  |1 0  |4 0  |d 2019-01-11  |f 1  |l 0  |r 2025-06-25 00:00:00  |w 2026-02-24